Assessing language through computer technology
Guardat en:
| Autors principals: | , |
|---|---|
| Format: | Llibre |
| Idioma: | anglès |
| Publicat: |
Cambridge
Cambridge University Press
2006
|
| Edició: | 1a. ed |
| Col·lecció: | Cambridge Language Assessment Series
|
| Matèries: | |
| Etiquetes: |
Afegir etiqueta
Sense etiquetes, Sigues el primer a etiquetar aquest registre!
|
MARC
| LEADER | 00000nam a2200000 a 4500 | ||
|---|---|---|---|
| 001 | UCH0475 | ||
| 003 | CL-VaPUC | ||
| 008 | 090312e20060000UK |||||||||||||||||eng|d | ||
| 020 | |a 0521549493 | ||
| 082 | 0 | 4 | |a 418.00285 |b CHA |2 21 |
| 100 | 0 | |a Chapelle, Carol A |e author |9 534653 | |
| 700 | 0 | |a Douglas, Dan |e author |9 534654 | |
| 245 | 1 | 0 | |a Assessing language through computer technology |
| 250 | |a 1a. ed | ||
| 300 | |a 138 p | ||
| 942 | |c BK | ||
| 945 | |d 20090312 00:00:00 |a rbrito | ||
| 260 | |a Cambridge |b Cambridge University Press |c 2006 | ||
| 650 | 0 | |a Inglés |9 260023 | |
| 650 | 0 | |a Enseñanza de idiomas |9 339820 | |
| 650 | 0 | |a Enseñanza del inglés |9 367340 | |
| 583 | |a last modification |c 20170823 05:15:19 |k Rodrigo Vera | ||
| 490 | 0 | |a Cambridge Language Assessment Series | |
| 999 | |c 332774 |d 332772 | ||
| 952 | |0 0 |1 0 |4 0 |6 418_002850000000000_CHA_2006 |7 0 |8 A |9 420700 |a BIBEDU |b BIBEDU |c ES_NOD |d 2019-11-22 |i 4513894 |o 418.00285 CHA 2006 |p 4513894 |r 2023-08-09 |w 2019-11-22 |y BK |k LIT | ||